Music Quiz

Random Music or Song Quiz

'The Sound of Silence' Lyrics Quiz Stats

 Plays Quiz Updated Oct 29, 2017

Challenge
Share
Tweet
Embed
Score 0/216 Timer 10:00
5 Plays Today
% Correct
I
98.2%
I
98.2%
I
98.2%
I
98.2%
I
98.2%
I
98.2%
I
98.2%
a
97.8%
a
97.8%
a
97.8%
a
97.8%
of
96.1%
of
96.1%
of
96.1%
of
96.1%
of
96.1%
of
96.1%
of
96.1%
of
96.1%
of
96.1%
my
96%
my
96%
my
96%
my
96%
my
96%
my
96%
my
96%
silence
95.7%
silence
95.7%
silence
95.7%
Silence
95.7%
silence
95.7%
silence
95.7%
to
95.7%
to
95.7%
To
95.7%
the
95.5%
the
95.5%
the
95.5%
the
95.5%
the
95.5%
the
95.5%
the
95.5%
the
95.5%
the
95.5%
the
95.5%
the
95.5%
the
95.5%
the
95.5%
the
95.5%
the
95.5%
The
95.5%
the
95.5%
the
95.5%
the
95.5%
you
95.5%
you
95.5%
you
95.5%
you
95.5%
sound
95.5%
sound
95.5%
sound
95.5%
sound
95.5%
Hello
93.7%
friend
93.7%
old
93.4%
darkness
93.2%
with
91.8%
again
91.7%
come
89.9%
talk
88.9%
I've
88.2%
% Correct
And
87.3%
and
87.3%
And
87.3%
And
87.3%
And
87.3%
And
87.3%
and
87.3%
And
87.3%
And
87.3%
And
87.3%
And
87.3%
in
87.1%
In
87.1%
in
87.1%
in
87.1%
In
87.1%
in
87.1%
on
75.8%
that
75.6%
That
75.6%
that
75.6%
that
75.6%
that
75.6%
that
75.6%
was
75.6%
was
75.6%
was
75.6%
Hear
74.3%
people
72.6%
People
72.6%
People
72.6%
People
72.6%
people
72.6%
it
71.3%
sleeping
69.4%
vision
69%
vision
69%
Ten
68.2%
No
67.7%
light
67.6%
light
67.6%
Still
67.1%
brain
66.2%
more
66.2%
thousand
65.7%
without
65.7%
without
65.7%
neon
65.1%
neon
65.1%
softly
65%
listening
64.9%
speaking
64.8%
remains
64.4%
maybe
64.3%
words
64.1%
words
64.1%
words
64.1%
words
64.1%
creeping
63.4%
its
62.9%
its
62.9%
they
62.7%
like
61.8%
like
61.8%
hearing
61.8%
talking
61.8%
saw
61.5%
while
60.8%
street
59.7%
planted
59%
are
58.6%
do
58.2%
% Correct
subway
57.7%
walked
57.5%
walls
57.4%
night
57.3%
one
56.9%
written
56.6%
Because
56.2%
god
56.2%
alone
55.2%
made
54.8%
never
54.6%
cancer
54.3%
grows
54.1%
know
53.6%
naked
53.5%
were
53.4%
voices
53.1%
not
52.8%
prayed
52.6%
songs
51.3%
streets
51.2%
prophets
51%
Left
50.7%
cold
50.6%
bowed
50.4%
might
50%
might
50%
halls
49.9%
flash
49.7%
cobblestone
49.2%
writing
49.1%
When
48.9%
eyes
49%
dreams
48.8%
damp
48.2%
said
48%
said
48%
Within
47.9%
lamp
47.5%
silent
46.8%
fell
46.8%
dare
46.7%
reach
46.6%
turned
46.5%
raindrops
46.3%
by
45.8%
teach
45.4%
restless
45.3%
share
44.7%
But
44.5%
tenement
43.9%
echoed
43.5%
split
43.5%
collar
42.8%
Disturb
42.8%
sign
41.9%
sign
41.9%
Narrow
41.2%
seeds
40.4%
out
40.2%
warning
40%
halo
39%
'Neath
37.7%
Fools
36.8%
forming
35.9%
Take
35.6%
arms
33.2%
flashed
32.1%
whispered
28.3%
touched
27.9%
stabbed
27.8%
wells
26.2%

You're not logged in!

Compare scores with friends on all Sporcle quizzes.
OR
Log In

You Might Also Like...

Show Comments

Extras

Top Quizzes Today


Score Distribution

Your Account Isn't Verified!

In order to create a playlist on Sporcle, you need to verify the email address you used during registration. Go to your Sporcle Settings to finish the process.

Report this User

Report this user for behavior that violates our Community Guidelines.

Details: